| 000 | 00952nmc a2200337 a 4500 | ||
|---|---|---|---|
| 003 | AR-BaBNM | ||
| 005 | 20251128210306.0 | ||
| 008 | 089119s1996 ||||||||||||||000 | spa|| | ||
| 020 | _a84-331-0706-2 | ||
| 040 | _cAR-BaBNM | ||
| 100 | 1 | _aNoriega, Juan | |
| 245 | 1 | 0 | _aTécnicas básicas de programación |
| 260 |
_aMadrid _bEscuela Española _c1996 |
||
| 300 | 0 |
_a356 p. _btablas, diagr. |
|
| 490 | 0 | _aEducación al día | |
| 650 | 4 | _aDIDACTICA | |
| 650 | 4 | _aOBJETIVOS EDUCACIONALES | |
| 650 | 4 | _aMETODOS DE ENSENANZA | |
| 650 | 4 | _aCRITERIOS DE EVALUACION | |
| 650 | 4 | _aACTIVIDADES DE APRENDIZAJE | |
| 650 | 4 | _aPROGRAMACION PEDAGOGICA | |
| 650 | 4 | _aPROGRAMAS DE ENSENANZA | |
| 653 | _aCONTENIDOS CONCEPTUALES | ||
| 653 | 0 | _aCONTENIDOS PROCEDIMENTALES | |
| 653 | 0 | _aCONTENIDOS ACTITUDINALES | |
| 653 | 0 | _aAREAS CURRICULARES | |
| 653 | 0 | _aEVALUACION EDUCATIVA | |
| 700 | 1 | _aMuñoz, Alberto | |
| 942 | _cBK | ||
| 998 | _cRaquel | ||
| 999 |
_c14823 _d14823 |
||